| 000 | 01196nam a2200361 i 4500 | ||
|---|---|---|---|
| 001 | 016020008140495 | ||
| 003 | CZ PrSKC | ||
| 005 | 20260415084958.0 | ||
| 007 | ta | ||
| 008 | 260407s2026 xr a a 000 j cze | ||
| 020 |
_a9788025262894 _cKč 399,00 |
||
| 040 |
_aABG001 _bcze _erda |
||
| 041 | 1 |
_acze _heng |
|
| 072 | 7 |
_a821-93 _xLiteratura pro děti a mládež (beletrie) _2Konspekt |
|
| 080 |
_a821-32 _2MRF |
||
| 080 |
_a821-93 _2MRF |
||
| 080 |
_a(0:82-32) _2MRF |
||
| 130 | 0 |
_a5-Minute Easter Stories. _lČesky _920615 |
|
| 245 | 1 | 0 |
_a5minutové jarní pohádky / _cz anglického originálu přeložila Petra Krámková |
| 246 | 3 | _aPětiminutové pohádky | |
| 250 | _a1. vydání | ||
| 264 | 1 |
_aPraha : _bAlicanto, _c2026 |
|
| 300 |
_a160 stran : _bbarevné ilustrace ; _c28 cm |
||
| 490 | 1 | _aDisney | |
| 500 | _aNázev originálu v knize neuveden | ||
| 520 | 2 | _aObráková kniha se souborem krátkých jarních pohádek s oblíbenými postavičkami z Disneyho a Pixaru. | |
| 655 | 7 | _apříběhy | |
| 655 | 7 | _apublikace pro děti | |
| 700 | 1 |
_aKrámková, Petra _4trl _91643 |
|
| 710 | 2 |
_aAlicanto (nakladatelství) _4pbl _920479 |
|
| 910 | _aABG508 | ||
| 999 |
_c34155 _d34155 |
||